| 000 | 01039 am a2200277 a 4500 | ||
|---|---|---|---|
| 005 | 20240701120217.0 | ||
| 008 | 100825s1998||||ag # f |||| 001 0 spa d | ||
| 020 | _a9500714019 | ||
| 041 | _aspa | ||
| 092 |
_c174 _l50 _sLUN |
||
| 100 | 1 |
_aLuna, Florencia. _91300 |
|
| 245 |
_aBioética. _bInvestigación, muerte, procreación y otros temas de ética aplicada / _cFlorencia Luna |
||
| 250 |
_a1a ed. _bTraducción Horacio Pons y Alberto Gioia. |
||
| 260 |
_aBuenos Aires: _bSudamericana; _c1998. |
||
| 300 | _a447 p. | ||
| 500 | _aLuna, F. y Salles, A. (1998). Bioética. Investigación, muerte, procreación y otros temas de ética aplicada. (1a ed.). Buenos Aires : Sudamericana. | ||
| 653 | _aEtica e investigación clínica | ||
| 653 | _aToma de decisiones terapéuticas | ||
| 653 | _aProblemas al final de la vida: derecho a morir y suicidio asistido | ||
| 653 | _aLibertad reproductiva | ||
| 653 | _aConflictos materno-fetales | ||
| 700 | 1 |
_aSalles, Arleen _91302 |
|
| 930 | _a913 | ||
| 930 | _a914 | ||
| 942 |
_2ddc _cBK |
||
| 999 |
_c634 _d634 |
||